| 000 | 00957nam a22002417a 4500 | ||
|---|---|---|---|
| 005 | 20230724174108.0 | ||
| 008 | 180831b xxu||||| |||| 00| 0 spa d | ||
| 020 | _a9505374429 (versión impresa) | ||
| 082 | 1 | 4 |
_214 _a330.98 |
| 100 | 1 |
_94481 _aBarbero, María Inés |
|
| 245 | 1 | 0 |
_aHistoria económica, social y general / _cMaría Inés Barbero y otros |
| 260 |
_aBuenos Aires: _bMacchi, _c1998 |
||
| 300 | _a460 p. | ||
| 505 |
_tIntroducción. _tEl nacimiento de las sociedades industriales. _tPlenitud y crisis de la sociedad industrial. _tLa transición a la economía posindustrial. |
||
| 650 | 2 | 7 |
_91282 _aDESARROLLO ECONOMICO Y SOCIAL _2unescot |
| 650 | 2 | 7 |
_9555 _aHISTORIA ECONOMICA _2unescot |
| 651 | 0 |
_aAMERICA LATINA _9735 |
|
| 700 | 1 |
_917513 _aBerenblum, Ruben L. |
|
| 700 | 1 |
_95404 _aGarcía Molina, Fernando |
|
| 700 | 1 |
_917514 _aSaborido, Jorge E. |
|
| 942 |
_2ddc _cLIBRO |
||
| 980 |
_619226 _a Palazón Marcela I. _819226 _g Palazón Marcela I. |
||
| 999 |
_c8927 _d8927 |
||